00958nam a2200217 a 450000100100000000500170001000800410002702000150006804000250008310000350010824501560014326000310029930000330033049000750036350000210043850400730045970000360053271000320056871000650060083000750066500004173120201002035725.0131016s1978 sp 001 0 spa d a8400037855 aDO-SdBNPbspacBNPHU1 aPérez Garzón, Juan Sisinio10aMilicia nacional y revolución burguesa :bel prototipo madrileño : 1808-1874 /cJuan Sisinio Pérez Garzón ; prólogo de Manuel Espadas Burgos. aMadrid :bC.S.I.C.,c1978. av. (XXXII, 637) p. ;c25 cm.1 aEvolución socio-económica de la España moderna y contemporánea aIncluye índice aIncluye referencias bibliográficas y notas al pie de las páginas1 aEspadas Burgos, Manuelepról.2 aInstituto Jerónimo Zurita2 aConsejo superior de Investigaciones Científicas (España) 0aEvolución socio-económica de la España moderna y contemporánea